| 000 | 00554nam a2200181 a 4500 | ||
|---|---|---|---|
| 005 | 20240215063819.0 | ||
| 008 | 991125m19731980mx 000 0 spa u | ||
| 020 | _a9681802667 | ||
| 035 | _aUPN01000000900 | ||
| 049 | _aCG | ||
| 050 | 4 |
_aHF5351 _bO3.38 |
|
| 100 | 1 |
_aOdiorne, George S. _929746 |
|
| 245 | 1 | 0 |
_aAdministración por objetivos : _bnuevo sistema para la dirección / _cGeorge S. Odiorne ; tr. Eduardo L. Suárez. |
| 260 |
_aMéxico : _bLimusa, _c1973 (1980 impr.). |
||
| 300 |
_a220 p. : _bil. |
||
| 650 | 4 |
_aAdministración _928 |
|
| 905 | _aLibro | ||
| 999 |
_c900 _d900 |
||